000 00610nam a2200181Ia 4500
003 GCL
008 140319s9999 xx 000 0 ara d
040 _aGCL /
_cGCL
082 0 4 _a214
_bع ا
100 1 _aعباس محمود العقاد
245 1 0 _aالاسلام فى القرن العشرين- حاضره ومستقبله /
_cعباس محمود العقاد
260 _aالقاهرة :
_bنهضة مصر للطباعة والنشر والتوزيع
300 _a119 ص ؛
_c24 سم
490 _a
650 0 4 _aالاسلام
650 0 4 _aالثقافة الاسلامية
942 _2ddc
_cBK
999 _c54035
_d54035